Journal : journal of the Nigerian Institute of Architects. (Record no. 38344)

MARC details
000 -LEADER
fixed length control field 00412nam a2200133Ia 4500
022 ## - INTERNATIONAL STANDARD SERIAL NUMBER
ISSN 23158913
050 ## - CALL MARK
Classification number NA 1599.N5 .J68/
245 #0 - TITLE STATEMENT
Title Journal : journal of the Nigerian Institute of Architects.
260 ## - PUBLICATION, DISTRIBUTION, ETC. (IMPRINT)
Year of publication 2015
650 ## - SUBJECT ADDED ENTRY--TOPICAL TERM
Topical Term Architecture--Nigeria--Periodicals. Architecture--Developing countries--Periodicals.
942 ## - ADDED ENTRY ELEMENTS (KOHA)
Koha item type Serials

No items available.